Enhanced oil recovery field case studies /

Enhanced Oil Recovery Field Case Studies bridges the gap between theory and practice in a range of real-world EOR settings. Areas covered include steam and polymer flooding, use of foam, in situ combustion, microorganisms, "smart water"-based EOR in carbonates and sandstones, and many more...

Full description

Bibliographic Details
Corporate Author: ebrary, Inc
Other Authors: Sheng, James
Format: eBook
Language:English
Published: Waltham, MA : Gulf Professional Publishing, [2013]
Subjects:
Online Access:Connect to the full text of this electronic book

MARC

Tag First Indicator Second Indicator Subfields
LEADER 00000cam a2200000Ka 4500
001 in00003332913
006 m o d
007 cr cnu---unuuu
008 130421s2013 mau ob 001 0 eng d
005 20250816213430.3
019 |a 841325582 
020 |a 9780123865458 (electronic bk.) 
020 |a 012386545X (electronic bk.) 
020 |a 9780123865465 (electronic bk.) 
020 |a 0123865468 (electronic bk.) 
035 |a (OCoLC)ocn841296183 
035 |a (NhCcYBP)ebr10689298 
035 |a (OCoLC)841296183  |z (OCoLC)841325582 
040 |a OPELS  |c OPELS  |d N$T  |d IDEBK  |d TXA  |d UtOrBLW 
049 |a TXAM 
050 4 |a TN871  |b .E54 2013eb 
072 7 |a TEC  |x 047000  |2 bisacsh 
082 0 4 |a 622/.33827  |2 23 
245 0 0 |a Enhanced oil recovery field case studies /  |c James J. Sheng [editor]. 
264 1 |a Waltham, MA :  |b Gulf Professional Publishing,  |c [2013] 
264 4 |c ©2013 
300 |a 1 online resource (710 pages) 
336 |a text  |b txt  |2 rdacontent 
337 |a computer  |b c  |2 rdamedia 
338 |a online resource  |b cr  |2 rdacarrier 
520 |a Enhanced Oil Recovery Field Case Studies bridges the gap between theory and practice in a range of real-world EOR settings. Areas covered include steam and polymer flooding, use of foam, in situ combustion, microorganisms, "smart water"-based EOR in carbonates and sandstones, and many more. Oil industry professionals know that the key to a successful enhanced oil recovery project lies in anticipating the differences between plans and the realities found in the field. This book aids that effort, providing valuable case studies from more than 250 EOR pilot and field applications in a variety of oil fields. The case studies cover practical problems, underlying theoretical and modeling methods, operational parameters, solutions and sensitivity studies, and performance optimization strategies, benefitting academicians and oil company practitioners alike. Strikes an ideal balance between theory and practice. Focuses on practical problems, underlying theoretical and modeling methods, and operational parameters. Designed for technical professionals, covering the fundamental as well as the advanced aspects of EOR. 
588 |a Description based on title details screen (ScienceDirect; viewed on Apr. 30, 2013). 
504 |a Includes bibliographical references and index. 
500 |a Electronic resource. 
650 0 |a Enhanced oil recovery. 
650 0 |a Petroleum engineering. 
650 7 |a TECHNOLOGY & ENGINEERING / Petroleum.  |2 bisacsh 
655 7 |a Electronic books.  |2 local 
700 1 |a Sheng, James. 
710 2 |a ebrary, Inc. 
856 4 1 |u https://ebookcentral.proquest.com/lib/tamucs/detail.action?docID=1170131  |y Connect to the full text of this electronic book  |t 0 
948 |a cataloged  |b h  |c 2013/10/3  |d c  |e jlanham  |f 12:48:43 pm 
994 |a C0  |b TXA 
999 f f |s b52934b2-30cd-3d1b-95d7-1d2659531ed0  |i 3df5f91c-afd5-3d04-ab1a-19c3d4f1837f  |t 0 
999 |a MARS 
952 f f |a Texas A&M University  |b College Station  |c Electronic Resources  |d Available Online  |t 0  |e TN871 .E54 2013eb  |h Library of Congress classification 
998 f f |a TN871 .E54 2013eb  |t 0  |l Available Online